000
00310nam a2200109Ia 4500
008
171211s9999 xx 000 0 und d
245
2
_a
A Woman's Guide to Muscle and Strength
245
_c
Irene Lewis-McCormick
260
_c
2012
650
_x
HEALTH
856
_u
http://down.ebook777.com/017/9780736090353.pdf
999
_c
348380
_d
348380